Seguridad e higiene del trabajo : técnicas de prevención de riesgos laborales
| Main Author: | |
|---|---|
| Format: | Section = Libro |
| Language: | Undetermined Spanish |
| Published: |
Madrid, España
Tebar
2012
|
| Edition: | 10a.ed. |
| Subjects: |
| LEADER | 00709nam a2200229Ia 4500 | ||
|---|---|---|---|
| 008 | 240829s9999 xx 000 0 und d | ||
| 020 | |a 978-84-7360-478-8 | ||
| 040 | |a BIBLIOTECA-RUPAP 658.382 C828 | ||
| 041 | |a spa | ||
| 082 | |a 658.382 C828 | ||
| 100 | 1 | |a Cortes Díaz, José María | |
| 245 | 1 | 0 | |a Seguridad e higiene del trabajo : técnicas de prevención de riesgos laborales |
| 250 | |a 10a.ed. | ||
| 260 | |a Madrid, España |b Tebar |c 2012 | ||
| 300 | |a 972 p. :il. | ||
| 650 | 7 | |a SEGURIDAD DEL TRABAJO | |
| 650 | 7 | |b TECNICAS DE SEGURIDAD - TRABAJO | |
| 650 | 7 | |c HIGIENE DEL TRABAJO | |
| 650 | 7 | |d PREVENCION DE ACCIDENTES ADMINISTRACION. I. Tít. | |
| 942 | |c BK |2 ddc | ||
| 991 | |a TEXTO | ||
| 999 | |c 9881 | ||